Country Connect by highest GDP per Capita (PPP) - Statistics

General Stats
  • This quiz has been taken 132 times
  • The average score is 74 of 155
Answers on the Map
Answers color-coded by a green-red scale on the quiz's map according to % correct below.
 
Answer Stats
Country % Correct
Luxembourg
100%
Germany
72%
Netherlands
72%
Switzerland
71%
Austria
69%
Liechtenstein
69%
France
68%
Italy
68%
San Marino
68%
Monaco
66%
Andorra
62%
Portugal
60%
Spain
60%
Algeria
58%
Morocco
58%
Tunisia
58%
Albania
57%
Bosnia and Herzegovina
57%
Bulgaria
57%
Croatia
57%
Czech Republic
57%
United Arab Emirates
57%
Egypt
57%
Estonia
57%
Greece
57%
Hungary
57%
Iraq
57%
Israel
57%
Jordan
57%
Kosovo
57%
Kuwait
57%
Latvia
57%
Libya
57%
Lithuania
57%
Montenegro
57%
North Macedonia
57%
Poland
57%
Qatar
57%
Romania
57%
Russia
57%
Saudi Arabia
57%
Serbia
57%
Slovakia
57%
Slovenia
57%
Turkey
57%
China
55%
Finland
55%
Kazakhstan
55%
Mongolia
55%
Norway
55%
Sweden
55%
Brunei
54%
Papua New Guinea
54%
Indonesia
54%
Laos
54%
Malaysia
54%
Thailand
54%
Vietnam
54%
Afghanistan
52%
Armenia
52%
Azerbaijan
52%
Bangladesh
52%
Bhutan
52%
Cambodia
52%
East Timor
52%
Georgia
52%
India
52%
Iran
52%
Kyrgyzstan
52%
Myanmar
52%
Pakistan
52%
Tajikistan
52%
Turkmenistan
52%
Uzbekistan
52%
Nepal
42%
Argentina
40%
Belarus
40%
Belgium
40%
Belize
40%
Bolivia
40%
Brazil
40%
Canada
40%
Chile
40%
Colombia
40%
Costa Rica
40%
Ecuador
40%
El Salvador
40%
Guatemala
40%
Guyana
40%
Honduras
40%
Ireland
40%
Lebanon
40%
Mexico
40%
Moldova
40%
Nicaragua
40%
North Korea
40%
Panama
40%
Paraguay
40%
Peru
40%
South Korea
40%
Suriname
40%
Syria
40%
Ukraine
40%
United Kingdom
40%
Uruguay
40%
Venezuela
40%
Angola
38%
Benin
38%
Botswana
38%
Burkina Faso
38%
Burundi
38%
Cameroon
38%
Chad
38%
Denmark
38%
Central African Republic
38%
Dominican Republic
38%
Djibouti
38%
D. R. Congo
38%
Equatorial Guinea
38%
Eritrea
38%
Eswatini
38%
Ethiopia
38%
Gabon
38%
Gambia
38%
Ghana
38%
Guinea
38%
Guinea-Bissau
38%
Haiti
38%
Ivory Coast
38%
Kenya
38%
Lesotho
38%
Liberia
38%
Malawi
38%
Mali
38%
Mauritania
38%
Mozambique
38%
Namibia
38%
Niger
38%
Nigeria
38%
Oman
38%
Rep. of the Congo
38%
Rwanda
38%
Senegal
38%
Sierra Leone
38%
Somalia
38%
South Africa
38%
South Sudan
38%
Sudan
38%
Tanzania
38%
Togo
38%
Uganda
38%
United States
38%
Yemen
38%
Zambia
38%
Zimbabwe
38%
No matching quizzes found
Score Distribution
Percent of People with Each Score
Percentile by Number Answered
Your Score History
You have not taken this quiz